00553 2200217 4500001002100000005001500021035002000036007000300056008004100059020001900100082000800119084001400127100001900141245005200160250001000212260002800222300003700250650001600287990001600303990001600319INLIS00000000000010420170911021949 a0010-0917000090ta170911 f 0  a979-956797-7-0 a297 a297 AMI m0 aAmini, Ibrahim1 aMembelajarkan Nilai-niai Islam /cIbrahim Amini aCet.1 aDepok :bInisiasi Press a83 hlm :b.ilus ;c15 cm x 21 cm aAgama Islam a00000000108 a00000000108